ZKM Gdynia - 83 - Statystyki

Ogólne statystyki
  • Ten quiz został rozwiązany 10 razy
  • Średni wynik to 10 z 14
Statystyki odpowiedzi
Miasto Przystanek Ulica % Poprawnych
Rumia 25-lecia Solidarności Gdańska
78%
Reda Bosmańska Morska
78%
Rumia CH "Port Rumia" - Kosynierów Kosynierów
78%
Rumia Janowo SKM - Sobieskiego Sobieskiego
78%
Rumia Janowo SKM - Sobieskiego Gdańska
78%
Rumia Jeziorna Kosynierów
78%
Rumia Kujawska Gdańska
78%
Rumia Osiedle Królewskie Dębogórska
78%
Rumia Ceynowy Żwirki i Wigury
67%
Rumia Klonowa Dębogórska
67%
Rumia Rondo Jana Pawła II Dębogórska
67%
Rumia Saperów Ceynowy
67%
Rumia Zapolskiej Kosynierów
67%
Rumia Ormińskiego Gdańska
56%
Nie znaleziono quizów pasujących do podanych kryteriów
Rozkład punktacji
Procent ludzi z każdym wynikiem
Percentyl według liczby udzielonych odpowiedzi
Twoja historia wyników
Nie rozwiązałeś tego quizu